Software Sensors for Industry

Guardado en:
Detalles Bibliográficos
Autor principal: Križan, Darko (Autor)
Otros Autores: Paulen, Radoslav (Orientador)
Formato: Manuscrito Libro
Lenguaje:eslovaco
inglés
Publicado: 2021
Materias:
Acceso en línea:http://is.stuba.sk/zp/portal_zp.pl?podrobnosti=157528
Etiquetas: Agregar Etiqueta
Sin Etiquetas, Sea el primero en etiquetar este registro!

MARC

LEADER 00000ntm a22000003a 4500
001 stuzp83461
003 SK-STU
005 20210605210322.5
007 ta
008 150427s2015----xo-----f-mn---000-0-slo-d
040 |a STU  |b slo 
041 0 |a eng 
100 1 |a Križan, Darko  |u 047220  |4 aut  |U FCHPT Ústav informatizácie, automatizácie a matematiky  |T FCHPT Oddelenie informatizácie a riadenia procesov  |X 86663  |U C7220  |Y 121  |7 86663 
242 0 1 |a Softvérové senzory pre priemysel  |y slo 
245 1 0 |a Software Sensors for Industry 
260 |c 2021 
650 4 |a zásobníky kvapaliny  |2 slo 
650 4 |a metóda najmenších štvorcov  |2 slo 
650 4 |a hrebeňová regresia  |2 slo 
650 4 |a lasso  |2 slo 
650 4 |a elastická sieť  |2 slo 
650 4 |a Kalmanov filter  |2 slo 
650 4 |a softvérové senzory  |2 slo 
650 4 |a Software Sensors  |2 eng 
650 4 |a Liquid Tanks  |2 eng 
650 4 |a Ordinary Least Squares  |2 eng 
650 4 |a Ridge Regression  |2 eng 
650 4 |a Lasso  |2 eng 
650 4 |a Elastic Net  |2 eng 
650 4 |a Kalman Filter  |2 eng 
700 1 |a Paulen, Radoslav  |u 047220  |k Z1  |4 ths  |U FCHPT Ústav informatizácie, automatizácie a matematiky  |T FCHPT Oddelenie informatizácie a riadenia procesov  |X 22507  |U C7220  |Y 121  |7 A000022507 
856 4 |u http://is.stuba.sk/zp/portal_zp.pl?podrobnosti=157528